UBT Library

The secret war in Mexico : (Record no. 43990)

000 -LEADER
fixed length control field 00695pam a2200229 i 4500
001 - CONTROL NUMBER
control field 2772534
005 - DATE AND TIME OF LATEST TRANSACTION
control field 20180302044501.0
008 - FIXED-LENGTH DATA ELEMENTS--GENERAL INFORMATION
fixed length control field 801029s1981 ilu b 001 0 eng
010 ## - LIBRARY OF CONGRESS CONTROL NUMBER
LC control number 80026607
020 ## - INTERNATIONAL STANDARD BOOK NUMBER
International Standard Book Number 0226425886
040 ## - CATALOGING SOURCE
Original cataloging agency DLC
Transcribing agency DLC
Modifying agency DLC
041 ## - LANGUAGE CODE
Language code of text/sound track or separate title eng
043 ## - GEOGRAPHIC AREA CODE
Geographic area code n-mx---
080 ## - UNIVERSAL DECIMAL CLASSIFICATION NUMBER
Universal Decimal Classification number 972.08 kat
082 00 - DEWEY DECIMAL CLASSIFICATION NUMBER
Classification number 972.08 kat
Edition number 19
100 1# - Rafti
Rafti 16
101 ## - Shkurtesa
Shkurtesa his
245 14 - TITLE STATEMENT
Title The secret war in Mexico :
Statement of responsibility, etc Friedrich Katz ; with portions translated by Loren Goldner.
504 ## - BIBLIOGRAPHY, ETC. NOTE
Bibliography, etc Includes bibliographical references and index.
906 ## - LOCAL DATA ELEMENT F, LDF (RLIN)
a 7
b cbc
c orignew
d u
e ocip
f 19
g y-gencatlg
942 ## - ADDED ENTRY ELEMENTS (KOHA)
Source of classification or shelving scheme
Item type Books
Holdings
Withdrawn status Lost status Source of classification or shelving scheme Damaged status Not for loan Collection code Permanent location Current location Shelving location Date acquired Total Checkouts Full call number Barcode Date last seen Price effective from Koha item type
          Koleksioni i përgjithshem UBT - Lipjan UBT - Lipjan Koleksioni i përgjithshem 03/02/2018   972.08 kat 002-3000527 03/02/2018 03/02/2018 Books
UBT Library © 2015-2024. All rights reserved University Education for Business and Technology